<?xml version="1.0" encoding="UTF-8"?>
<record
    xmlns:xsi="http://www.w3.org/2001/XMLSchema-instance"
    xsi:schemaLocation="http://www.loc.gov/MARC21/slim http://www.loc.gov/standards/marcxml/schema/MARC21slim.xsd"
    xmlns="http://www.loc.gov/MARC21/slim">

  <leader>04124cam a22003858i 4500</leader>
  <controlfield tag="001">21883097</controlfield>
  <controlfield tag="003">EG-ScBUE</controlfield>
  <controlfield tag="005">20211109141256.0</controlfield>
  <controlfield tag="008">210128s2021    enk    f b    001 0 eng d</controlfield>
  <datafield tag="020" ind1=" " ind2=" ">
    <subfield code="a">9781509937028</subfield>
  </datafield>
  <datafield tag="040" ind1=" " ind2=" ">
    <subfield code="a">DLC</subfield>
    <subfield code="b">eng</subfield>
    <subfield code="e">rda</subfield>
    <subfield code="c">DLC</subfield>
    <subfield code="d">EG-ScBUE</subfield>
  </datafield>
  <datafield tag="082" ind1="0" ind2="4">
    <subfield code="a">346.0220285</subfield>
    <subfield code="b">SMA</subfield>
    <subfield code="2">22</subfield>
  </datafield>
  <datafield tag="245" ind1="0" ind2="0">
    <subfield code="a">Smart contracts :</subfield>
    <subfield code="b">technological, business and legal perspectives /</subfield>
    <subfield code="c">edited by Marcelo Corrales Compagnucci, Mark Fenwick and Stefan Wrbka.</subfield>
  </datafield>
  <datafield tag="264" ind1=" " ind2="1">
    <subfield code="a">Oxford, UK ;</subfield>
    <subfield code="a">New York, NY :</subfield>
    <subfield code="b">Hart Publishing, an imprint of Bloomsbury Publishing,</subfield>
    <subfield code="c">2021.</subfield>
  </datafield>
  <datafield tag="300" ind1=" " ind2=" ">
    <subfield code="a">204 pages ;</subfield>
    <subfield code="c">24 cm</subfield>
  </datafield>
  <datafield tag="336" ind1=" " ind2=" ">
    <subfield code="a">text</subfield>
    <subfield code="b">txt</subfield>
    <subfield code="2">rdacontent</subfield>
  </datafield>
  <datafield tag="337" ind1=" " ind2=" ">
    <subfield code="a">unmediated</subfield>
    <subfield code="b">n</subfield>
    <subfield code="2">rdamedia</subfield>
  </datafield>
  <datafield tag="338" ind1=" " ind2=" ">
    <subfield code="a">volume</subfield>
    <subfield code="b">nc</subfield>
    <subfield code="2">rdacarrier</subfield>
  </datafield>
  <datafield tag="504" ind1=" " ind2=" ">
    <subfield code="a">Includes bibliographical references and index.</subfield>
  </datafield>
  <datafield tag="505" ind1="0" ind2=" ">
    <subfield code="a">Introduction : the technology, use-cases and law of smart contracts / Marcelo Corrales Compagnucci, Mark Fenwick and Stefan Wrbka -- Contracts : ex machina / Kevin Werbach and Nicolas Cornell -- The fine print in smart contracts / Joshua S Gans -- Smart contracts and traditional contracts : views of contract law / Matti Rudanko -- Data protection issues for smart contracts / W Gregory Voss -- Proactive legal design for health data sharing based on smart contracts / Arianna Rossi and Helena Haapio -- A multilayer safeguard mechanism to optimise the potential of smart contracts in B2C transactions / Stefan Wrbka -- Feeding smart contract legal requirements with semantic and event detection logic structures from modern service-oriented supply chains / Stylianos Tsarsitalidis, Marcelo Corrales Compagnucci, George Kousiouris and Alan Dahi -- The historical significance of blockchain and smart contracts / Mark Fenwick and Erik PM Vermeulen -- The uncertain future of smart contracts / Marcelo Corrales Compagnucci, Mark Fenwick and Stefan Wrbka.</subfield>
  </datafield>
  <datafield tag="520" ind1=" " ind2=" ">
    <subfield code="a">"This book brings together a series of contributions by leading scholars and practitioners to examine the main features of smart contracts, as well as the response of key stakeholders in technology, business, government and the law. It explores how this new technology interfaces with the goals and content of contract law, introducing and evaluating several mechanisms to improve the 'observability' and reduce the costs of verifying contractual obligations and performance. It also outlines various 'design patterns' that ensure that end users are protected from themselves, prevent cognitive accidents, and translate expectations and values into more user-oriented agreements. Furthermore, the chapters map the new risks associated with smart contracts, particularly for consumers, and consider how they might be alleviated. The book also discusses the challenge of integrating data protection and privacy concerns into the design of these agreements and the broad range of legal knowledge and skills required. The use case of smart contracts goes beyond 'contracts' narrowly defined, and they are increasingly used to disrupt traditional models of business organisation. The book discusses so-called decentralised autonomous organisations and decentralised finance as illustrations of this trend. This book is designed for those interested in looking to deepen their understanding of this game-changing new legal technology"--</subfield>
    <subfield code="c">Provided by publisher.</subfield>
  </datafield>
  <datafield tag="650" ind1=" " ind2="7">
    <subfield code="a">Smart contracts.</subfield>
    <subfield code="2">BUEsh</subfield>
  </datafield>
  <datafield tag="650" ind1=" " ind2="7">
    <subfield code="a">Contracts</subfield>
    <subfield code="x">Data processing.</subfield>
    <subfield code="2">BUEsh</subfield>
  </datafield>
  <datafield tag="650" ind1=" " ind2="7">
    <subfield code="a">Artificial intelligence</subfield>
    <subfield code="x">Law and legislation.</subfield>
    <subfield code="2">BUEsh</subfield>
    <subfield code="9">37100</subfield>
  </datafield>
  <datafield tag="650" ind1=" " ind2="7">
    <subfield code="a">Blockchains (Databases)</subfield>
    <subfield code="x">Law and legislation.</subfield>
    <subfield code="2">BUEsh</subfield>
  </datafield>
  <datafield tag="653" ind1=" " ind2=" ">
    <subfield code="b">LLAAWW</subfield>
    <subfield code="c">November2021 </subfield>
  </datafield>
  <datafield tag="655" ind1=" " ind2=" ">
    <subfield code="v">Reading book</subfield>
    <subfield code="9">34232</subfield>
  </datafield>
  <datafield tag="700" ind1="1" ind2=" ">
    <subfield code="a">Corrales Compagnucci, Marcelo,</subfield>
    <subfield code="d">1978-</subfield>
    <subfield code="e">editor.</subfield>
  </datafield>
  <datafield tag="700" ind1="1" ind2=" ">
    <subfield code="a">Fenwick, Mark</subfield>
    <subfield code="c">(Law teacher),</subfield>
    <subfield code="e">editor.</subfield>
  </datafield>
  <datafield tag="700" ind1="1" ind2=" ">
    <subfield code="a">Wrbka, Stefan,</subfield>
    <subfield code="d">1976-</subfield>
    <subfield code="e">editor.</subfield>
  </datafield>
  <datafield tag="776" ind1="0" ind2="8">
    <subfield code="i">Online version:</subfield>
    <subfield code="t">Smart contracts</subfield>
    <subfield code="d">Oxford, UK ; New York, NY : Hart Publishing, an imprint of Bloomsbury Publishing, 2021</subfield>
    <subfield code="z">9781509937035</subfield>
    <subfield code="w">(DLC) 2021004222</subfield>
  </datafield>
  <datafield tag="906" ind1=" " ind2=" ">
    <subfield code="a">7</subfield>
    <subfield code="b">cbc</subfield>
    <subfield code="c">orignew</subfield>
    <subfield code="d">1</subfield>
    <subfield code="e">ecip</subfield>
    <subfield code="f">20</subfield>
    <subfield code="g">y-gencatlg</subfield>
  </datafield>
  <datafield tag="942" ind1=" " ind2=" ">
    <subfield code="2">ddc</subfield>
    <subfield code="c">BB</subfield>
  </datafield>
  <datafield tag="999" ind1=" " ind2=" ">
    <subfield code="c">29668</subfield>
    <subfield code="d">29639</subfield>
  </datafield>
  <datafield tag="952" ind1=" " ind2=" ">
    <subfield code="0">0</subfield>
    <subfield code="1">0</subfield>
    <subfield code="2">ddc</subfield>
    <subfield code="4">0</subfield>
    <subfield code="7">0</subfield>
    <subfield code="8">Baccah</subfield>
    <subfield code="a">MAIN</subfield>
    <subfield code="b">MAIN</subfield>
    <subfield code="c">1ST</subfield>
    <subfield code="d">2021-11-09</subfield>
    <subfield code="e">Purchase</subfield>
    <subfield code="g">1450.00</subfield>
    <subfield code="h">36159</subfield>
    <subfield code="l">4</subfield>
    <subfield code="m">42</subfield>
    <subfield code="o">346.0220285 SMA</subfield>
    <subfield code="p">000050985</subfield>
    <subfield code="q">2026-04-30</subfield>
    <subfield code="r">2026-04-23 00:00:00</subfield>
    <subfield code="s">2026-04-23</subfield>
    <subfield code="v">1812.50</subfield>
    <subfield code="w">2021-11-09</subfield>
    <subfield code="y">BB</subfield>
  </datafield>
</record>
